Statistiques concernant Circonscription Polynésie Française

Cliquez ici pour prendre le quiz!

Statistiques générales

  • Ce quiz a été pris 12 fois
  • Le résultat moyen est 3 sur 5

Statistiques - réponses

Réponse% Correct
îles Marquises
82%
îles Sous-le-Vent
73%
Tuamotu-Gambier
73%
îles du Vent
64%
îles Australes
55%

Distribution des résultats

Percentile par nombre de réponses

% des personnes avec chaque résultat

Votre développement - résultats

Vous n’avez pas pris ce quiz